000 00581nam a2200205Ia 4500
003 OSt
005 20230405092955.0
008 210423s2005 xx 000 0 und d
020 _a393976157
040 _cAL
041 _aeng
082 _a822.33 SHAW
100 _aSHAKESPEARE (William).
_982934
245 _aOthello: an authoritative text sources and contexts criticism.
260 _aNew York
_bW W Norton & Co.,
_c2005
300 _axiii,407
_bPB
365 _b295
_cINR
906 _aan ; authoritative ; contexts ; criticism. ; Othello: ; sources
942 _2ddc
_cBK
999 _c158055
_d158055